Délmagyarország. - 1979. február 24., Szombat
Elmentve itt :
| Dokumentumtípus: | Újság |
|---|---|
| Megjelent: |
1979-02-24
|
| Sorozat: | Délmagyarország
69 No. 46 |
| Online Access: | http://dmarchiv.bibl.u-szeged.hu/20742 |
| LEADER | 00489nas a2200145 i 4500 | ||
|---|---|---|---|
| 001 | delm20742 | ||
| 005 | 20200415080349.0 | ||
| 008 | 171215s1979 hu n o 0|| hun d | ||
| 022 | |a 0133-025X | ||
| 040 | |a SZTE Délmagyarország Archívum |b hun | ||
| 041 | |a hun | ||
| 245 | 0 | 0 | |a Délmagyarország. - 1979. február 24., Szombat |h [elektronikus dokumentum] |
| 260 | |c 1979-02-24 | ||
| 490 | 0 | |a Délmagyarország |v 69 No. 46 | |
| 856 | 4 | 0 | |u http://dmarchiv.bibl.u-szeged.hu/20742/1/dm_1979_046.pdf |z Dokumentum-elérés |